书目信息 |
| 题名: |
汽车电工电子基础
|
|
| 作者: | 王忠利 , 琚爱云 主编 | |
| 分册: | ||
| 出版信息: | 郑州 黄河水利出版社 2015.06 |
|
| 页数: | 170页 | |
| 开本: | 28cm | |
| 丛书名: | ||
| 单 册: | ||
| 中图分类: | U463.6 | |
| 科图分类: | ||
| 主题词: | 汽车工程 | |
| 电子资源: | ||
| ISBN: | 7-5509-1160-6 | |
| 000 | 00643nam0 2200205 450 | |
| 001 | 1556517439 | |
| 005 | 20151023154505.73 | |
| 010 | @a7-5509-1160-6@dCNY24.00 | |
| 100 | @a20151023d2015 km y0chiy0120 ea | |
| 101 | 0 | @achi |
| 102 | @aCN@b410000 | |
| 200 | 1 | @a汽车电工电子基础@Aqi che dian gong dian zi ji chu@f王忠利,琚爱云主编@Fwang zhong li,ju ai yun zhu bian |
| 210 | @a郑州@c黄河水利出版社@d2015.06 | |
| 215 | @a170页@d28cm | |
| 606 | 0 | @a汽车工程 |
| 690 | @aU463.6@v4 | |
| 701 | 0 | @a王忠利@Awang zhong li@4主编 |
| 701 | 0 | @a琚爱云@Aju ai yun@4主编 |
| 801 | 0 | @aCN@b大连网信软件有限公司图书馆·11@c20151023 |
| 905 | @aZUCC@dU463.6@eW473 | |
| 汽车电工电子基础/王忠利,琚爱云主编.-郑州:黄河水利出版社,2015.06 |
| 170页;28cm |
| ISBN 7-5509-1160-6:CNY24.00 |
| ● |
| 相关链接 |
|
|
|
正题名:汽车电工电子基础
索取号:U463.6/W473
 
预约/预借
| 序号 | 登录号 | 条形码 | 馆藏地/架位号 | 状态 | 备注 |
| 1 | 497652 | 204976525 | 自科库501/501自科库 56排2列5层/ [索取号:U463.6/W473] | 在馆 |